| 000 | 01692nac a22003251u 4500 | ||
|---|---|---|---|
| 010 | _a 2007298953 | ||
| 020 | _a9780745324791 (hbk.) | ||
| 020 | _a0745324797 (hbk.) | ||
| 020 | _a0745324789 (pbk.) | ||
| 020 | _a9780745324784 (pbk.) | ||
| 035 | _a(OCoLC)ocm71808233 | ||
| 035 | _a(OCoLC)71808233 | ||
| 082 | 0 | 4 |
_a338.27282 _bK142 |
| 090 |
_c4927 _d4927 |
||
| 100 | _a20080729 | ||
| 245 | 0 | 0 |
_aOil wars / _cedited by Mary Kaldor, Terry Lynn Karl and Yahia Said. |
| 260 |
_aLondon : _bPluto,2007 _c2007. |
||
| 300 |
_ax, 294 p. : _bill., maps ; _c23 cm. |
||
| 500 | _aIncludes index. | ||
| 504 | _aIncludes bibliographical references and index. | ||
| 505 | 0 | _aIntroduction / Mary Kaldor, Terry Lynn Karl and Yahia Said -- Nigeria: political violence, governance and corporate responsibility in a petro-state / Okey Ibeaunu and Robin Luckham -- Drilling in deep water: oil, business and war in Angola / Philippe Le Billon -- Greed and grievance in Chechnya / Yahia Said -- Olid and conflict: the case of Nagorno Karabakh / Mary Kaldor -- The conflict in Aceh: struggle over oil? / Kiersten E. Schulze -- Oil and armed conflict in Casanare, Colombia: complex contexts and contingent moments / Jenny Pearce -- Conclusion / Mary Kaldor and Yahia Said. | |
| 650 | 0 |
_aPetroleum industry and trade _xPolitical aspects. |
|
| 650 | 0 | _aPetroleum reserves. | |
| 650 | 0 | _aWar. | |
| 700 | 1 | _aKaldor, Mary. | |
| 700 | 1 |
_aKarl, Terry Lynn, _d1947- |
|
| 700 | 1 |
_aSaid, Yahia, _d1965- |
|
| 942 |
_cBB _k338.27282K142 |
||
| 999 |
_c4927 _d4927 |
||